Proceedings symposium on recent developments in foundry technology (Record no. 3592)

000 -LEADER
fixed length control field 00482nam a22001457a 4500
008 - FIXED-LENGTH DATA ELEMENTS--GENERAL INFORMATION
fixed length control field 200622b ||||| |||| 00| 0 eng d
082 00 - DEWEY DECIMAL CLASSIFICATION NUMBER
Classification number 671.2
Item number N738
110 ## - MAIN ENTRY--CORPORATE NAME
9 (RLIN) 2965
Corporate name or jurisdiction name as entry element National Metallurgical Laboratory, Jamshedpur.
245 10 - TITLE STATEMENT
Title Proceedings symposium on recent developments in foundry technology
260 ## - PUBLICATION, DISTRIBUTION, ETC. (IMPRINT)
Place of publication, distribution, etc Jamshedpur
Name of publisher, distributor, etc National Metallurgical Laboratory
Date of publication, distribution, etc 1958
300 ## - PHYSICAL DESCRIPTION
Extent 396p.
365 ## - TRADE PRICE
Unit of pricing 20.00
650 #0 - SUBJECT ADDED ENTRY--TOPICAL TERM
Topical term or geographic name as entry element Founding
942 ## - ADDED ENTRY ELEMENTS (KOHA)
Item type Books
Holdings
Withdrawn status Lost status Source of classification or shelving scheme Damaged status Not for loan Permanent location Current location Date acquired Full call number Barcode Date last seen Koha item type
          IMU Kolkata IMU Kolkata 1959-04-19 671.2 N738 02484 2020-06-22 Books
Designed and Maintained by IMU-KC Library, Kolkata Campus © Copyright All Rights Reserved

webs counters

Powered by Koha